| 000 | 01104nam a2200289 a 4500 | ||
|---|---|---|---|
| 001 | 000043498 | ||
| 003 | DO-SdBNP | ||
| 005 | 20240412074302.0 | ||
| 008 | 140320s2013 dr a 000 p spa d | ||
| 020 | _a9789945880496 | ||
| 040 |
_aDO-SdBNP _bspa _cBNPHU |
||
| 082 |
_aRD861.5 _bU15v |
||
| 100 | 1 |
_aUbiera Quezada, Josefina _971197 |
|
| 245 | 1 | 0 |
_aVivencias de una maestra... / _cJosefina Ubiera Quezada ; presentación Ligia Amada Melo de Cardona. |
| 260 |
_aSanto Domingo : _bMESCyT, _c2013. |
||
| 300 |
_a141 p. : _bil. ; _c23 cm. |
||
| 490 | 1 |
_aHumanidades _aPoesía _v1 |
|
| 500 | _aIncluye datos biográficos de la autora en la solapas de la contracubierta. | ||
| 590 | _aInventariado, 2019 / DG | ||
| 650 | 0 |
_aPoesía dominicana _966 |
|
| 650 | 0 |
_aLiteratura dominicana. _967 |
|
| 700 |
_aMelo de Cardona, Ligía Amada _ePresentación _927174 |
||
| 710 | 2 | 2 |
_aPrograma Nacional de Publicaciones del Ministerio de Educación Superior, Ciencia y Tecnología (MESCyT). _971198 |
| 830 | 0 |
_aHumanidades ; _pPoesía _n1 _971199 |
|
| 910 | _aValidado. Control de calidad EMS | ||
| 942 |
_2ddc _cLBS1 |
||
| 999 |
_c42987 _d42987 |
||